opac header logoIBA Library

Managerial accounting / (Record no. 5)

MARC details
000 -LEADER
fixed length control field 00552nam a22002177a 4500
003 - CONTROL NUMBER IDENTIFIER
control field BD-DhUIB
005 - DATE AND TIME OF LATEST TRANSACTION
control field 20210307122434.0
008 - FIXED-LENGTH DATA ELEMENTS--GENERAL INFORMATION
fixed length control field 210307b ||||| |||| 00| 0 eng d
020 ## - INTERNATIONAL STANDARD BOOK NUMBER
International Standard Book Number 0759314071
040 ## - CATALOGING SOURCE
Original cataloging agency BD-DhUIB
Transcribing agency BD-DhUIB
082 ## - DEWEY DECIMAL CLASSIFICATION NUMBER
Edition number 22
Classification number 658.15
100 ## - MAIN ENTRY--PERSONAL NAME
Personal name Titard, Pierre L.
9 (RLIN) 1
245 ## - TITLE STATEMENT
Title Managerial accounting /
Statement of responsibility, etc. Pierre L. Titard.
250 ## - EDITION STATEMENT
Edition statement 6th ed.
260 ## - PUBLICATION, DISTRIBUTION, ETC.
Place of publication, distribution, etc. USA :
Name of publisher, distributor, etc. Thompson,
Date of publication, distribution, etc. c2003.
300 ## - PHYSICAL DESCRIPTION
Extent xvii, 583p. :
Other physical details ill. ;
Dimensions 29 cm.
526 ## - STUDY PROGRAM INFORMATION NOTE
Program name BBA program
650 ## - SUBJECT ADDED ENTRY--TOPICAL TERM
Source of heading or term Management
650 ## - SUBJECT ADDED ENTRY--TOPICAL TERM
Source of heading or term Accounting
942 ## - ADDED ENTRY ELEMENTS (KOHA)
Source of classification or shelving scheme Dewey Decimal Classification
Koha item type Books
Holdings
Withdrawn status Lost status Source of classification or shelving scheme Damaged status Not for loan Collection code Home library Current library Shelving location Date acquired Source of acquisition Total Checkouts Full call number Barcode Date last seen Copy number Price effective from Koha item type Date due Date last checked out
    Dewey Decimal Classification     Fiction IBA Library IBA Library General Stacks 02/13/2011 Trim Education   657.834 T617m 2003 00049929 03/07/2021 C-1 03/07/2021 Books    
    Dewey Decimal Classification     Non-fiction IBA Library IBA Library General Stacks 10/22/2025 Purchase 1 657.843 G193m 00051671 10/22/2025 C.1 10/22/2025 Books 11/05/2025 10/22/2025
    Dewey Decimal Classification     Non-fiction IBA Library IBA Library General Stacks 10/22/2025 Purchase 1 657.834 G193m 00051672 02/08/2026 C.2 10/22/2025 Books   11/03/2025
    Dewey Decimal Classification     Non-fiction IBA Library IBA Library General Stacks 10/22/2025 Purchase   657.834 G193m 00051673 10/22/2025 C.3 10/22/2025 Books    
    Dewey Decimal Classification     Non-fiction IBA Library IBA Library General Stacks 10/22/2025 Purchase   657.843 G193m 00051674 10/22/2025 C.4 10/22/2025 Books    
    Dewey Decimal Classification     Non-fiction IBA Library IBA Library General Stacks 10/22/2025 Purchase   657.834 G193m 00051675 05/20/2026 C.5 10/22/2025 Books    
    Dewey Decimal Classification     Non-fiction IBA Library IBA Library General Stacks 10/22/2025 Purchase   657.843 G193m 00051676 10/22/2025 C.6 10/22/2025 Books    
    Dewey Decimal Classification     Non-fiction IBA Library IBA Library General Stacks 10/22/2025 Purchase 1 657.834 G193m 00051677 05/10/2026 C.7 10/22/2025 Books 05/24/2026 05/10/2026
Copyright © 2021-2026 | IBA Library
Institute of Business Administration (IBA)
University of Dhaka
Library Home | IBA Home